000
00237nam a2200097Ia 4500
008
220204s9999 xx 000 0 und d
082
_a
82-34(591)
_b
FOL
245
0
_a
Folk tales of Burma
260
_a
New Delhi
_b
Sterling
_c
1976
942
_c
BK
999
_c
32472
_d
32472